000 00893nam a2200313 a 4500
003 AR-BaBNM
005 20251128205945.0
008 082120s2002 ||||||||||||||000 | spa||
020 _a950-605-130-5
040 _cAR-BaBNM
100 1 _aJaime de Arrieta, Stella
245 0 0 _aEl lenguaje y su uso
_baporte de investigaciones
260 _aSan Juan
_bFFHA
_bUniversidad Nacional de San Juan
_c1997
300 _a119 p.
500 _aContiene referencias bibliográficas al final de cada capítulo
650 4 _aCRITICA LITERARIA
650 4 _aINVESTIGACION LITERARIA
650 4 _aSEMIOLOGIA
650 4 _aANALISIS LITERARIO
650 4 _aHISTORIA LITERARIA
650 4 _aLINGÜISTICA
650 4 _aGRAMATICA
650 4 _aSINTAXIS
650 4 _aINVESTIGACION LINGÜISTICA
650 4 _aEDUCACION
653 _aENSENANZA DE LA LENGUA
942 _cBK
998 _cMARTIN
999 _c13470
_d13470